Normal view
MARC view
- Marti, Michael E
Entry Personal Name
001 - CONTROL NUMBER
- control field: 99797
003 - CONTROL NUMBER IDENTIFIER
- control field: NUST
005 - DATE AND TIME OF LATEST TRANSACTION
- control field: 20221011105440.0
008 - FIXED-LENGTH DATA ELEMENTS
- fixed length control field: 221011|| aca||aabn | a|a d
040 ## - CATALOGING SOURCE
- Original cataloging agency: NUST
- Transcribing agency: NUST
100 ## - HEADING--PERSONAL NAME
- Personal name: Marti, Michael E
670 ## - SOURCE DATA FOUND
- Source citation: Work cat.: (NUST)0: Marti, Michael E., China and the legacy of Deng Xiaoping :, c2002.
